000 00503nam a22001697a 4500
003 OSt
005 20220107122815.0
008 160610b xxu||||| |||| 00| 0 eng d
040 _cIIITMK
100 _aAiswarya S Kumar (93515006)
_99717
245 _aA study on convolutional neural networks using MNIST dataset
300 _aMini Project
502 _bMPhil Computer Science
_c2015-16
_dINT
_eDr. Elizabeth Sherly
650 _aNEURAL NETWORKS
_99718
650 _aMNIST DATASET
_99719
942 _2ddc
_cPR
999 _c5212
_d5212